| 000 | 00000nam 2200000za 4500 |
| 001 | 9.842540 |
| 003 | CaOODSP |
| 005 | 20221107152338 |
| 007 | cr ||||||||||| |
| 008 | 170828s1920 onc |o f|0| 0 eng d |
| 040 | |aCaOODSP|beng |
| 043 | |an-cn--- |
| 086 | 1 |aCS62-D-50/1920E-PDF|zCS62-D-63/1920E-PDF |
| 245 | 00|aAbstract statement showing cost of one pound of bread delivered to consumers in Canada, in October, 1920 |h[electronic resource]. |
| 260 | |aOttawa : |bDominion Bureau of Statistics, |c1920. |
| 300 | |a2 p. |
| 500 | |aDigitized edition from print [produced by Statistics Canada]. |
| 500 | |aCaption title. |
| 692 | 07|2gccst|aWheat |
| 692 | 07|2gccst|aStatistics |
| 692 | 07|2gccst|aAgri-food products |
| 710 | 1 |aCanada.|bDominion Bureau of Statistics.|bInternal Trade Division. |
| 856 | 40|qPDF|s551 KB|uhttps://publications.gc.ca/collections/collection_2017/statcan/CS62-D-50-1920-eng.pdf |
| 986 | |a62-D-50 |